000
00309nam a2200121 a 4500
005
20140414132114.0
008
110824s19uu xx 00 eng d
050
_a
FIC
_b
P21 1980
100
_a
Parish, Peggy
245
_a
Good work amelia bedelia.
260
_a
U.S.A :
_b
Avon Camelot,
_c
1980.
999
_c
114850
_d
114850